000 00362nam a2200169Ia 4500
001 003807
003 YMCAF
005 20230512160234.0
008 100717s9999 ||||||||||||||||| ||und|d
024 _a3807
035 _a3812
040 _aYMCAF
_beng
_cIN-KoLT
041 _aeng
100 _aCurriculum Dev
245 0 _aDesk work on machine
942 _2ddc
_cBK
999 _c3013
_d3013